Robert Louis Stevenson
Guardat en:
| Autor principal: | |
|---|---|
| Format: | Llibre |
| Idioma: | anglès |
| Publicat: |
Londres
Longmans, Green
1952
|
| Col·lecció: | Bibliographical Series of Supplement to British Book News, 27
|
| Matèries: | |
| Etiquetes: |
Afegir etiqueta
Sense etiquetes, Sigues el primer a etiquetar aquest registre!
|
MARC
| LEADER | 00000nam a2200000 a 4500 | ||
|---|---|---|---|
| 001 | UCZ4913 | ||
| 003 | CL-VaPUC | ||
| 008 | 951115e19520000UK |||||||||||||||||eng|d | ||
| 082 | 0 | 4 | |a 823.09 |b STE |2 21 |
| 100 | 0 | |a Stern, G. B |e author |9 348873 | |
| 245 | 1 | 0 | |a Robert Louis Stevenson |
| 300 | |a 51 p | ||
| 942 | |c BK | ||
| 945 | |d 19951115 00:00:00 |a rleighto | ||
| 260 | |a Londres |b Longmans, Green |c 1952 | ||
| 600 | 0 | 7 | |a STEVENSON, ROBERT LOUIS |2 CL-VaPUC |9 348874 |
| 650 | 7 | |a NOVELA INGLESA |2 CL-VaPUC |9 309260 | |
| 650 | 0 | |a Crítica e interpretación |9 255042 | |
| 583 | |a last modification |c 19951115 00:00:00 |k Rodrigo Vera | ||
| 490 | 0 | |a Bibliographical Series of Supplement to British Book News, 27 | |
| 999 | |c 241256 |d 241254 | ||
| 952 | |0 0 |1 0 |4 0 |6 823_090000000000000_STE_1952 |7 0 |8 A |9 253542 |a BIBEDU |b BIBEDU |d 2019-11-19 |i 3149005 |o 823.09 STE 1952 |p 3149005 |r 2019-11-19 |w 2019-11-19 |y BK |k LIT | ||